Countries with the Mediterranean horseshoe bat - Statistics

General Stats
  • This quiz has been taken 49 times
  • The average score is 31 of 36
Answer Stats
Population status Countries % Correct
Resident Spain
100%
Resident Albania
94%
Resident Algeria
94%
Resident Bulgaria
94%
Resident Croatia
94%
Resident Italy
94%
Resident Serbia
94%
Resident Slovenia
94%
Resident Turkey
94%
Resident Andorra
90%
Resident Bosnia and Herzegovina
90%
Resident Greece
90%
Resident Israel and Palestine
90%
Resident Lebanon
90%
Resident Morocco
90%
Resident North Macedonia
90%
Resident Romania
90%
Resident Tunisia
90%
Resident Armenia
87%
Resident France
87%
Resident Georgia
87%
Resident Jordan
87%
Resident Portugal
87%
Resident Syria
87%
Extinct United Kingdom (Gibraltar)
87%
Resident Kosovo
84%
Resident Monaco
81%
Resident San Marino
81%
Resident Azerbaijan
77%
Presence uncertain Cyprus
77%
Resident Iran
77%
Resident Russia
77%
Resident Slovakia
77%
Extinct Switzerland
77%
Resident Hungary
74%
Presence uncertain Turkmenistan
35%
No matching quizzes found
Score Distribution
Percent of People with Each Score
Percentile by Number Answered
Your Score History
You have not taken this quiz